• AIU
  • Tony Wilmot Memorial Library

The personal computer World. (Record no. 58646)

MARC details
000 -LEADER
fixed length control field 01079mam a2200301 a 4500
001 - CONTROL NUMBER
control field 27012032
005 - DATE AND TIME OF LATEST TRANSACTION
control field 20140219162133.0
008 - FIXED-LENGTH DATA ELEMENTS--GENERAL INFORMATION
fixed length control field 921030s1993 vaua b 001 0 eng
010 ## - LIBRARY OF CONGRESS CONTROL NUMBER
LC control number 92040576
020 ## - INTERNATIONAL STANDARD BOOK NUMBER
International Standard Book Number 0809476258 :
Terms of availability $16.10
035 ## - SYSTEM CONTROL NUMBER
System control number MSSCAAW7259
040 ## - CATALOGING SOURCE
Original cataloging agency DLC
Transcribing agency DLC
Modifying agency WaOLN
049 ## - LOCAL HOLDINGS (OCLC)
Holding library MOZA
050 ## - LIBRARY OF CONGRESS CALL NUMBER
Classification number QA 76.5
Item number .P39354 1993
245 04 - TITLE STATEMENT
Title The personal computer World.
250 ## - EDITION STATEMENT
Edition statement Rev. ed.
260 ## - PUBLICATION, DISTRIBUTION, ETC. (IMPRINT)
Place of publication, distribution, etc Alexandria, VA :
Name of publisher, distributor, etc Time-Life Books ;
Place of publication, distribution, etc Morristown, N.J. :
Name of publisher, distributor, etc School and library distribution by Silver Burdett Co.,
Date of publication, distribution, etc 1993.
300 ## - PHYSICAL DESCRIPTION
Extent 128 p. :
Other physical details ill. (some col.) ;
Dimensions 29 cm.
490 1# - SERIES STATEMENT
Series statement Understanding computers.
500 ## - GENERAL NOTE
General note Includes index.
504 ## - BIBLIOGRAPHY, ETC. NOTE
Bibliography, etc Bibliography: p. 121-124.
505 2# - FORMATTED CONTENTS NOTE
Formatted contents note PCs proliferant; secrets of word processing. -- The Apple alternative; wizards of number-crunching. -- Challenging the mainframe; a universal network.
650 #0 - SUBJECT ADDED ENTRY--TOPICAL TERM
Topical term or geographic name as entry element Microcomputers.
9 (RLIN) 25087
650 #0 - SUBJECT ADDED ENTRY--TOPICAL TERM
Topical term or geographic name as entry element Application software.
9 (RLIN) 25088
710 2# - ADDED ENTRY--CORPORATE NAME
Corporate name or jurisdiction name as entry element Time-Life Books.
9 (RLIN) 25089
830 #0 - SERIES ADDED ENTRY--UNIFORM TITLE
Uniform title Understanding computers.
9 (RLIN) 25090
942 ## - ADDED ENTRY ELEMENTS (KOHA)
Source of classification or shelving scheme Library of Congress Classification
Item type Periodicals
Serial record 1
Holdings
Withdrawn status Lost status Source of classification or shelving scheme Damaged status Not for loan Collection code Home library Current library Shelving location Date acquired Total Checkouts Full call number Date last seen Price effective from Koha item type
    Library of Congress Classification     Serials AIU/NEGST - Tony Wilmot Memorial Library AIU/NEGST - Tony Wilmot Memorial Library Serials 02/19/2014   QA 76.5 .P39354 1993 02/19/2014 02/19/2014 Periodicals